书目信息 |
| 题名: |
中国生态六讲
|
|
| 作者: | 蒋高明 著 | |
| 分册: | ||
| 出版信息: | 北京 中国科学技术出版社 2020.8 |
|
| 页数: | 277页 | |
| 开本: | 21cm | |
| 丛书名: | ||
| 单 册: | ||
| 中图分类: | X171.4 | |
| 科图分类: | ||
| 主题词: | 生态环境保护--研究--中国 | |
| 电子资源: | ||
| ISBN: | 978-7-5046-7129-5 | |
| 000 | 00822nam0 2200253 45 | |
| 001 | 012001000924 | |
| 005 | 20130912095731.0 | |
| 010 | @a978-7-5046-7129-5@dCNY42.00 | |
| 090 | @aX171@bjgm | |
| 096 | @aX32@bjgm | |
| 100 | @a20160815d2016 em y0chiy50 ea | |
| 101 | 0 | @achi |
| 102 | @aCN@b110000 | |
| 105 | @ay z 000yy | |
| 106 | @ar | |
| 200 | 1 | @a中国生态六讲@Azhong guo sheng tai liu jiang@f蒋高明著 |
| 210 | @a北京@c中国科学技术出版社@d2020.8 | |
| 215 | @a277页@d21cm | |
| 330 | @a本书共六讲,从森林、湿地、水资源以及农业食品安全等方面概述了中国生态环境面临的严峻形势,并讨论了生态环境恶化的原因,探讨相应的对策与建议。 | |
| 606 | 0 | @a生态环境保护@x研究@y中国 |
| 690 | @aX171.4@v5 | |
| 701 | 0 | @a蒋高明@Ajiang gao ming@f(1964~)@4著 |
| 801 | 0 | @aCN@bBJSDL@c20211011 |
| 905 | @b1336204-7@dX171.4@e270@f4 | |
| 中国生态六讲/蒋高明著.-北京:中国科学技术出版社,2020.8 |
| 277页;21cm |
| ISBN 978-7-5046-7129-5:CNY42.00 |
| 本书共六讲,从森林、湿地、水资源以及农业食品安全等方面概述了中国生态环境面临的严峻形势,并讨论了生态环境恶化的原因,探讨相应的对策与建议。 |
| ● |
| 相关链接 |
|
|
|
|
正题名:中国生态六讲
索取号:X171.4/270
 
预约/预借
| 序号 | 登录号 | 条形码 | 馆藏地/架位号 | 状态 | 备注 |
| 1 | 1336204 | 213362047 | 第二样本阅览室/ [索取号:X171.4/270] | 在馆 | |
| 2 | 1336205 | 213362056 | 第三借阅区/ [索取号:X171.4/270] | 在馆 | |
| 3 | 1336206 | 213362065 | 第三借阅区/ [索取号:X171.4/270] | 在馆 | |
| 4 | 1336207 | 213362074 | 第三借阅区/ [索取号:X171.4/270] | 在馆 |